Recuerdo del colegio (Record no. 188026)

MARC details
000 -LEADER
campo de control de longitud fija 00797nam a2200181 i 4500
001 - NÚMERO DE CONTROL
campo de control 188026
003 - IDENTIFICADOR DE NÚMERO DE CONTROL
campo de control SpMaBN
005 - FECHA Y HORA DE LA ÚLTIMA TRANSACCIÓN
campo de control 20250828022616.0
008 - DATOS DE LONGITUD FIJA--INFORMACIÓN GENERAL
campo de control de longitud fija 180411s1909 sp |||| | spa d
080 ## - NÚMERO DE LA CLASIFICACIÓN DECIMAL UNIVERSAL
Número de la Clasificación Decimal Universal 37.04-053.81:28
100 0# - ENTRADA PRINCIPAL--NOMBRE DE PERSONA
Nombre de persona Mary Loyola
Títulos y otros términos asociados al nombre Mother.
9 (RLIN) 164604
245 10 - MENCIÓN DEL TÍTULO
Título Recuerdo del colegio
Resto del título : lecturas amenas y edificantes dedicadas a la juventud de los colegios católicos /
Mención de responsabilidad, etc. por la madre María Loyola ; publicado bajo la dirección del P. Thurston ; traducido del inglés por el P. Juan Mateos.
260 ## - PUBLICACIÓN, DISTRIBUCIÓN, ETC.
Lugar de publicación, distribución, etc. Barcelona :
Nombre del editor, distribuidor, etc. Luis Gili,
Fecha de publicación, distribución, etc. 1909.
300 ## - DESCRIPCIÓN FÍSICA
Extensión 302 p. ;
Dimensiones 20 cm.
650 #7 - PUNTO DE ACCESO ADICIONAL DE MATERIA--TÉRMINO DE MATERIA
Término de materia o nombre geográfico como elemento de entrada Educación cristiana de jóvenes
Fuente del encabezamiento o término embne
9 (RLIN) 12091
852 ## - LOCALIZACIÓN
Ubicación ES-MaACL
Número de control de estantería L-31913
Nota libre - Enc. cart.
-- - Donat. herederos de la bibl. de Mª del Pilar Costa Palacín
Holdings
Estatus retirado Estado de pérdida Estado de daño No para préstamo Biblioteca de origen Biblioteca actual Ubicación en estantería Fecha de adquisición Fuente de adquisición Total de préstamos Signatura topográfica completa Código de barras Visto por última vez Precio de reemplazo Tipo de ítem Koha
        Biblioteca del Ateneo de Madrid Biblioteca del Ateneo de Madrid Depósito 2 11/04/2018     L-31913 1198684 23/02/2023 23/02/2023 Libro impreso